| 000 | 00579cam a2200193 a 4500 | ||
|---|---|---|---|
| 001 | 000012841 | ||
| 005 | 20260326113753.0 | ||
| 008 | 850801s1964 sp 000 0 spa | ||
| 040 |
_aDO-SdBNP _bspa _cLC _dBNPHU |
||
| 082 |
_a347.077 _bC345L |
||
| 100 | 1 |
_aCasso, Alberto Maria de. _929699 |
|
| 245 | 1 | 4 |
_aLas litis expensas / _cAlberto M. de Casso. |
| 260 |
_aBarcelona : _bNauta, _c1964. |
||
| 300 |
_a308 p. ; _c21 cm. |
||
| 650 | 4 |
_aProcesos (derecho) _zSpaƱa. _929700 |
|
| 650 | 0 |
_aSentencias _929701 |
|
| 910 | _aCatalogación por copia / LC | ||
| 999 |
_a1 _n0000212 _c12489 _d12489 |
||
| 049 | _aBNGR | ||